LEADER 01469nam a2200265 i 4500 001 000000247746 003 CaOOAMICUS 005 20250910153026.0 008 160705s2015 it u000 u ita u 013 $a226651 040 $aSeMil$bita 110 2 $aCaritas Ambrosiana : Osservatorio diocesano delle povertà e delle risorse.$0(OLS)http://semarc/name/60736 245 10$aDare cibo per promuovere dignità :$bun viaggio in diocesi tra i servizi di sostegno alimentare. Quattordicesimo rapporto sulle povertà nella diocesi di Milano /$cCaritas Ambrosiana, Ossevatorio diocesano delle povertà e delle risorse. 260 $aMilano :$bFondazione Luigi Moneta,$cstampa 2015. 300 $a139 p. , 21 cm. 490 1 $aQuaderni Caritas 650 4$aMilano (Arcidiocesi) - Povertà - Statistiche.$0(OLS)http://semarc/subject/21277 650 4$aPovertà alimentare - Italia - Indagini.$0(OLS)http://semarc/subject/34834 830 0$aQuaderni Caritas.$0(OLS)http://semarc/title/18667 850 $aSeMil 852 $aSeMil$W1$xVenegono$y1$m3YY II 4/14$j261680$B198092$CSeMilBibl$Z2$F211945 $81 961 $aOmaggio: Delpini mons. Mario 996 $6245$aDare cibo per promuovere dignità :$bun viaggio in diocesi tra i servizi di sostegno alimentare. Quattordicesimo rapporto sulle povertà nella diocesi di Milano$9(OLS)http://semarc/title/349764 996 $6260$aMilano :$bFondazione Luigi Moneta$9(OLS)http://semarc/publisher/32570 LEADER 00796nam a2200193 i 4500 001 000000255262 003 CaOOAMICUS 005 20170802000000.0 008 170802s1842 xx u000 u fre u 013 $a234167 040 $aSeMil$bita 100 1 $aBeudant, François-Sulpice <1787-1850>.$0(OLS)http://semarc/name/89386 245 10$aMinéralogie ; Géologie /$cpar M. F.-S. Beudant. 300 $a331 p. :$bill. 650 4$aMineralogia.$0(OLS)http://semarc/subject/2082 773 0 $aMilne-Edwards, Henri <1800-1885>$tCours élémentaire d'histoire naturelle.$dParis : Fortin, Masson et Cie, 1842-1844-$w()4924 850 $aSeMil 852 $aSeMil$W1$xVenegono$y1$m3W II 10 FA$j205608$B205608$CSeMilBibl$Z2$F218929 $8I 996 $6245$aMinéralogie ; Géologie$9(OLS)http://semarc/title/411562 LEADER 01373nam a2200301 i 4500 001 000000088001 003 CaOOAMICUS 005 20130822000000.0 008 130822s1970 xx u000 u und u 013 $a60241 040 $aSeMil$bita 245 13$aDe matrimonio. Coniectanea. 260 $aLuogo non identificato :$bUniversità Gregoriana,$c1970. 300 $a967 p. 650 4$aMatrimonio - Teologia.$0(OLS)http://semarc/subject/2198 650 4$aMatrimonio - Diritto.$0(OLS)http://semarc/subject/276 700 1 $aBuijs, Ludovicus.$0(OLS)http://semarc/name/40074 700 1 $aFuchs, Josef,$d<1912-2005>.$0(OLS)http://semarc/name/2561 700 1 $aHamel, Édouard .$0(OLS)http://semarc/name/90597 700 1 $aRisk, Iacob .$0(OLS)http://semarc/name/26950 700 1 $aBertrams, Wilhelm.$0(OLS)http://semarc/name/20704 700 1 $aNavarrete Cortés, Urbano .$0(OLS)http://semarc/name/3943 700 1 $aBidagor, Ramon,$c.$0(OLS)http://semarc/name/33479 700 1 $aRobleda, Olís,$c.$0(OLS)http://semarc/name/3942 850 $aSeMil 852 $aSeMil$W1$xVenegono$y1$m114 36 *$j51384$B51384$CSeMilBibl$Z2$F55600 $81 996 $6245$aDe matrimonio. Coniectanea$9(OLS)http://semarc/title/133972 996 $6260$aLuogo non identificato :$bUniversità Gregoriana$9(OLS)http://semarc/publisher/43504 LEADER 01204nam a2200277 i 4500 001 000000108713 003 CaOOAMICUS 005 20021008000000.0 008 021008s1981 it u000 u ita u 013 $a81393 020 $a88-213-0032-3 040 $aSeMil$bita 245 10$aMentalità religiosa e spiritualità. 250 $a2. ed., riveduta dall'autore. 300 $a585 p. 490 0 $aStudi storici ;$v4 500 $aIn Appendice : Note per uno studio sui sogni di Don Bosco. 650 4$aBosco, Giovanni - Spiritualità.$0(OLS)http://semarc/subject/19200 700 1 $aStella, Pietro .$0(OLS)http://semarc/name/89229 773 0 $aStella, Pietro $tDon Bosco nella storia della religiosità cattolica.$dRoma : LAS, copyr. 1979-copyr. 1988.$gVolume2$w()7494 830 0$aStudi storici ;$v4.$0(OLS)http://semarc/title/6527 850 $aSeMil 852 $aSeMil$W1$xVenegono$y1$m3H IV 15$j64777$B64777$CSeMilBibl$Z2$F78726 $81 961 $aOmaggio: Martini Card. Carlo Maria 996 $6020$a88-213-0032-3$9(OLS)http://semarc/number/89751 996 $6245$aMentalità religiosa e spiritualità$9(OLS)http://semarc/title/157698 LEADER 00942nam a2200205 i 4500 001 000000088466 003 CaOOAMICUS 005 20040624000000.0 008 040624s1942 xx u000 u und u 013 $a60706 040 $aSeMil$bita 100 1 $aTell, Isidoro.$0(OLS)http://semarc/name/40182 245 14$aGli oggetti ed i motivi della fiducia in Dio nella pietà del salterio /$cdi Isidoro Tell. 260 $aVenegono Inferiore (VA) :$bLa Scuola Cattolica,$c1942. 300 $a83 p. 650 4$aBibbia. Antico Testamento. Salmi - Commentari, studi, critica, interpretazioni.$0(OLS)http://semarc/subject/289 850 $aSeMil 852 $aSeMil$W1$xVenegono$y1$m146 7 4 *$j51727$B51727$CSeMilBibl$Z2$F56065 $81 996 $6245$aGli oggetti ed i motivi della fiducia in Dio nella pietà del salterio$9(OLS)http://semarc/title/134365 996 $6260$aVenegono Inferiore (VA) :$bLa Scuola Cattolica$9(OLS)http://semarc/publisher/29825